ADVANCED PRACTICAL ORGANIC CHEMISTRY (Record no. 15524)

MARC details
000 -LEADER
fixed length control field 00355nam a22001577a 4500
003 - CONTROL NUMBER IDENTIFIER
control field SGT
020 ## - INTERNATIONAL STANDARD BOOK NUMBER
International Standard Book Number 978-81259-3128-7
082 ## - DEWEY DECIMAL CLASSIFICATION NUMBER
Classification number 615.19
Item number A17V
100 ## - MAIN ENTRY--PERSONAL NAME
Personal name VISHNOI,N.K
245 ## - TITLE STATEMENT
Title ADVANCED PRACTICAL ORGANIC CHEMISTRY
250 ## - EDITION STATEMENT
Edition statement 3RD. ED
260 ## - PUBLICATION, DISTRIBUTION, ETC. (IMPRINT)
Place of publication, distribution, etc NEW DELHI
Name of publisher, distributor, etc VIKASH PUB.
Year of Publication 2017
300 ## - PAGE DESCRIPTION
No. of Pages 536
650 ## - SUBJECT ADDED ENTRY--TOPICAL TERM
Topical term or geographic name as entry element PHARMACY
942 ## - ADDED ENTRY ELEMENTS (KOHA)
Source of classification or shelving scheme Dewey Decimal Classification
Koha item type Books
942 ## - ADDED ENTRY ELEMENTS (KOHA)
-- 1
Holdings
Withdrawn status Lost status Source of classification or shelving scheme Damaged status Use restrictions Not for loan Collection code Home library Current library Shelving location Date acquired Vendor Name Cost, normal purchase price SGTU Bill Number Full call number Accession No. (Barcode) Date last seen Bill Date Koha item type Total Checkouts Date last borrowed
    Dewey Decimal Classification   Restricted Access   PHARMACY SGT FA-FP Library SGT FA-FP Library Reference Book 28/05/2018 AHUJA PUBLISHER 450.00 SGTU 9734 615.19 A17V FP2847 28/05/2018 15/05/2018 Books    
    Dewey Decimal Classification       PHARMACY SGT FA-FP Library SGT FA-FP Library Text Book 28/05/2018 AHUJA PUBLISHER 450.00 SGTU 9734 615.19 A17V FP2848 11/05/2022 15/05/2018 Books 1 16/03/2022
    Dewey Decimal Classification       PHARMACY SGT FA-FP Library SGT FA-FP Library Text Book 28/05/2018 AHUJA PUBLISHER 450.00 SGTU 9734 615.19 A17V FP2849 04/01/2021 15/05/2018 Books 1 13/03/2020
    Dewey Decimal Classification       PHARMACY SGT FA-FP Library SGT FA-FP Library Text Book 28/05/2018 AHUJA PUBLISHER 450.00 SGTU 9734 615.19 A17V FP2850 18/04/2025 15/05/2018 Books 3 18/04/2025